Airlines with the B777 (impossible!!) - Statistics

General Stats
  • This quiz has been taken 76 times
  • The average score is 8 of 15
Answer Stats
Which
Country it
Goes to
Answer % Correct
UAE Emirates
97%
France Air France
78%
Canada Air Canada
76%
China Air China
74%
India Air India
74%
UK British Airways
72%
New Zealand Air New Zealand
71%
Hong Kong Cathay Pacific
67%
Pakistan Pakistan International Airlines
53%
USA United Airlines
52%
Madagascar Air Madagascar
36%
Zimbabwe Air Zimbabwe
33%
Nigeria Air Peace
19%
Egypt Alexandria Airlines
2%
Russia Air bridge cargo
0%
No matching quizzes found
Score Distribution
Percent of People with Each Score
Percentile by Number Answered
Your Score History
You have not taken this quiz